Hilfsmittel für Errichtung und Betrieb von Mikrorechner-Automatisierungsanlagen

Gespeichert in:
Bibliographische Detailangaben
1. Verfasser: Neumann, Peter
Format: Buch
Sprache:Deutsch
Veröffentlicht: Berlin Technik 1986
Ausgabe:1. Aufl.
Tags: Tag hinzufügen
Keine Tags, Fügen Sie das erste Tag hinzu!

MARC

LEADER 00000nam a2200000 4500
001 c038222
005 20221220073802.1
041 0 |a ger 
044 |a DE 
245 1 0 |a Hilfsmittel für Errichtung und Betrieb von Mikrorechner-Automatisierungsanlagen  |c Peter Neumann 
250 |a 1. Aufl. 
264 1 |a Berlin  |b Technik  |c 1986 
300 |a 88 s. 
100 1 |a Neumann, Peter